Pyramidenrätsel - Statistiken

Allgemein
  • Dieses Quiz wurde 346 mal gespielt
  • Das Durchschnittsergebnis liegt bei 13 aus 21
Antwortstatistiken
Antwort % Korrekt
L
100%
LE
99%
LEG
97%
A
94%
AS
87%
R
86%
EGAL
83%
RAP
80%
AR
77%
USA
74%
SAUER
72%
PRAE
50%
SENEGAL
49%
ESAU
46%
LAENGE
41%
LAGEN
37%
LEOPARD
37%
PAROLE
26%
LEPRA
22%
URSACHE
18%
HERAUS
13%
Keine übereinstimmenden Quizze gefunden
Verteilung der Resultate
Anzahl Personen mit jedem Resultat
Perzentil nach korrekt beantworteten Fragen
Ihre Resultats-Entwicklung
Sie haben dieses Quiz noch nicht gespielt